书目信息 |
| 题名: |
基于野外台站的典型生态系统服务流量过程研究
|
|
| 作者: | 裴厦 , 刘春兰 著 | |
| 分册: | ||
| 出版信息: | 北京 中国水利水电出版社 2017 |
|
| 页数: | 148页 | |
| 开本: | 24cm | |
| 丛书名: | ||
| 单 册: | ||
| 中图分类: | X835 | |
| 科图分类: | ||
| 主题词: | 生态系统--Sheng Tai Xi Tong--环境监测--研究 | |
| 电子资源: | ||
| ISBN: | 978-7-5170-5202-9 | |
| 000 | 01087nam0 2200265 450 | |
| 001 | 012001003560 | |
| 005 | 20140102130539.0 | |
| 010 | @a978-7-5170-5202-9@dCNY39.00 | |
| 099 | @aCAL 012017041612 | |
| 100 | @a20170330d2017 em y0chiy50 ea | |
| 101 | 0 | @achi |
| 102 | @aCN@b110000 | |
| 105 | @aa a 000yy | |
| 106 | @ar | |
| 200 | 1 | @a基于野外台站的典型生态系统服务流量过程研究@AJi Yu Ye Wai Tai Zhan De Dian Xing Sheng Tai Xi Tong Fu Wu Liu Liang Guo Cheng Yan Jiu@f裴厦, 刘春兰著 |
| 210 | @a北京@c中国水利水电出版社@d2017 | |
| 215 | @a148页@c图@d24cm | |
| 320 | @a有书目 (第134-148页) | |
| 330 | @a本书基于野外生态台站的观测数据,选择典型森林、草地和农田生态系统,刻画和分析不同生态系统的碳汇服务、水源涵养、土壤保持和生物多样性保持服务及价值动态变化过程,对比分析同种生态系统服务在不同生态系统类型之间的差异,揭示上述四种生态系统服务的形成过程。 | |
| 606 | 0 | @a生态系统@ASheng Tai Xi Tong@x环境监测@x研究 |
| 690 | @aX835@v4 | |
| 701 | 0 | @a裴厦@APei Sha@4著 |
| 701 | 0 | @a刘春兰@ALiu Chun Lan@4著 |
| 801 | 2 | @aCN@b北京卓展@c20191020 |
| 905 | @b1212101-4@dX835@e309@f4 | |
| 基于野外台站的典型生态系统服务流量过程研究/裴厦, 刘春兰著.-北京:中国水利水电出版社,2017 |
| 148页:图;24cm |
| ISBN 978-7-5170-5202-9:CNY39.00 |
| 本书基于野外生态台站的观测数据,选择典型森林、草地和农田生态系统,刻画和分析不同生态系统的碳汇服务、水源涵养、土壤保持和生物多样性保持服务及价值动态变化过程,对比分析同种生态系统服务在不同生态系统类型之间的差异,揭示上述四种生态系统服务的形成过程。 |
| ● |
| 相关链接 |
|
|
|
|
正题名:基于野外台站的典型生态系统服务流量过程研究
索取号:X835/309
 
预约/预借
| 序号 | 登录号 | 条形码 | 馆藏地/架位号 | 状态 | 备注 |
| 1 | 1212101 | 212121014 | 第二样本阅览室/ [索取号:X835/309] | 在馆 | |
| 2 | 1212102 | 212121023 | 第三借阅区/ [索取号:X835/309] | 在馆 | |
| 3 | 1212103 | 212121032 | 第三借阅区/ [索取号:X835/309] | 在馆 | |
| 4 | 1212104 | 212121041 | 第三借阅区/ [索取号:X835/309] | 在馆 |